تفسير جزء الشورى : الجزء الخامس والعشرون

Bibliographic Details
Main Author: طباره, عفيف عبد الفتاح (Author)
Format: Book
Published: Bayrut : Dar al-'Ilm lil-Malayin , [19--]
Series:روح القرآن الكريم
Subjects:

MARC

LEADER 00000cam a2200000 7i4500
001 0000009123
005 20220118093000.0
008 021119n
090 0 0 |a BP128.88   |b .T3 
100 1 |a طباره, عفيف عبد الفتاح ,   |e author 
241 1 0 |a Tafsir Juz' al-shura' 
245 1 0 |a تفسير جزء الشورى :   |b الجزء الخامس والعشرون   |c عفيف عبد الفتاح الطبارة 
260 2 |a Bayrut :   |b Dar al-'Ilm lil-Malayin ,   |c [19--] 
300 |a 143 p . ;   |c 24 cm. 
440 0 |a روح القرآن الكريم 
630 0 0 |a Qur'an   |x Juz' Ilayhi   |x Commentaries 
999 |a 1000018369   |b Book   |c OPEN SHELF (30 DAYS)   |e Gong Badak Campus 
999 |a 1000018370   |b Book   |c OPEN SHELF (30 DAYS)   |e Gong Badak Campus